Laborem exercens: carta encíclica sobre el trabajo humano

Salvato in:
Dettagli Bibliografici
Autore principale: Juan Pablo II (Autore)
Natura: Libro
Lingua:spagnolo
Pubblicazione: Santiago Paulinas 1988
Edizione:5a. ed
Soggetti:
Tags: Aggiungi Tag
Nessun Tag, puoi essere il primo ad aggiungerne!!

MARC

LEADER 00000nam a2200000 a 4500
001 UCR6455
003 CL-VaPUC
008 980423e19881100CL |||||||||||||||||spa|d
082 0 4 |a 262.91  |b JUA  |2 21 
100 |a Juan Pablo II  |e author  |9 309920 
245 1 0 |a Laborem exercens: carta encíclica sobre el trabajo humano 
250 |a 5a. ed 
300 |a 109 p 
942 |c BK 
945 |d 19980423 00:00:00  |a lriquelm 
260 |a Santiago  |b Paulinas  |c 1988 
600 0 |a Iglesia católica  |9 255129 
650 0 |a Encíclicas  |9 255643 
650 0 |a Documentos pontificios   |9 255642 
650 0 |a Trabajadores  |9 260887 
650 0 |a Clase obrera  |9 317035 
650 0 |a Trabajo  |9 313876 
650 0 |a Empleo  |9 339124 
583 |a last modification  |c 19980423 00:00:00  |k Rodrigo Vera 
999 |c 268541  |d 268539 
952 |0 0  |1 0  |4 0  |6 262_910000000000000_JUA_1988  |7 0  |8 P  |9 301732  |a BIBENE  |b BIBENE  |d 2019-11-20  |i 3033074  |o 262.91 JUA 1988  |p 3033074  |r 2025-01-15  |w 2019-11-20  |y BK  |k ICO